000
00396nam a22001697a 4500
003
MPLRDC
005
20220104114557.0
008
210129b ||||| |||| 00| 0 eng d
082
_a
012.6 HWJ
100
_a
胡文楷
245
_a
历代妇女著作考
_c
250
_a
一版一刷
260
_a
_b
商务印书馆
_c
1957
300
_b
精
650
_a
知见书目
942
_c
BK
_o
012.6 HWJ
999
_c
8571
_d
8561